Analýza faktorov ovplyvňujúcich výpočet všeobecnej hodnoty podniku prostredníctvom podnikateľskej metódy diplomová práca

Salvato in:
Dettagli Bibliografici
Autore principale: Freyová, Patrícia
Ente Autore: Fakulta podnikového manažmentu EU. Katedra podnikovohospodárska
Altri autori: Kubica, Milan, 1958-
Natura: Libro
Lingua:slovacco
Pubblicazione: Bratislava 2018
Tags: Aggiungi Tag
Nessun Tag, puoi essere il primo ad aggiungerne!!

MARC

LEADER 00000nbm a2200000 4500
001 0244647
005 20181004111058.7
041 0 |a slo 
044 |a SK 
245 1 0 |a Analýza faktorov ovplyvňujúcich výpočet všeobecnej hodnoty podniku prostredníctvom podnikateľskej metódy  |b diplomová práca  |c Patrícia Freyová ; školiteľ: Milan Kubica 
264 1 |a Bratislava  |c 2018 
300 |a 71 s. 
100 1 |a Freyová, Patrícia 
700 1 |a Kubica, Milan, 1958- 
710 2 |a Fakulta podnikového manažmentu EU. Katedra podnikovohospodárska